Telesná kultúra a cestovný ruch

Cestovný ruch a telesná kultúra sú nástroje dosahovania výchovných cieľov, formovania prosomatických postojov a spoločenských cieľov pri výchove detí a mládeže. Poukázanie na vzťah cestovného ruchu a telesnej kultúry v poľských podmienkach. Poľský cestovný ruch v rokoch 2000-2001. Pojem telesná kult...

Descrizione completa

Salvato in:
Dettagli Bibliografici
Autore principale: Feczko, Janusz
Altri autori: Kantyka, Joanna
Natura: Capitolo di libro
Lingua:slovacco
Soggetti:
Tags: Aggiungi Tag
Nessun Tag, puoi essere il primo ad aggiungerne!!

MARC

LEADER 00000naa a2200000 4500
001 r043096
005 20230724110534.2
041 0 |a slo 
044 |a SK 
245 1 0 |a Telesná kultúra a cestovný ruch  |c Janusz Feczko, Joanna Kantyka 
520 |a Cestovný ruch a telesná kultúra sú nástroje dosahovania výchovných cieľov, formovania prosomatických postojov a spoločenských cieľov pri výchove detí a mládeže. Poukázanie na vzťah cestovného ruchu a telesnej kultúry v poľských podmienkach. Poľský cestovný ruch v rokoch 2000-2001. Pojem telesná kultúra a prístup k tomuto pojmu. Telesná výchova v Poľsku. 
610 2 0 |a ruch cestovný 
610 2 0 |a ruch cestovný zdravotný 
610 2 0 |a využitie času voľného 
610 2 0 |a telovýchova 
610 2 0 |a pojmy 
610 2 0 |a Poľsko 
610 2 0 |a rehabilitácia zdravotná 
610 2 0 |a starostlivosť o zdravie 
610 2 0 |a turistika 
610 2 0 |a správanie 
100 1 |a Feczko, Janusz 
700 1 |a Kantyka, Joanna